Serpenti Italiani - Statistics

Statistiche generali
  • Questo quiz è stato fatto 6 volte
  • Il punteggio medio è 5 su 15
Statistiche sulle risposte
Hint Risposta % Corretto
Vipera Comune
83%
Colubri Biacco
67%
Vipera Dal Corno
50%
Cervone
33%
Vipere Marasso
33%
Natrice Dal Collare
33%
Saettone
33%
Colubro Dei Riccioli
17%
Colubro Ferro di Cavallo
17%
Colubro Lacertino
17%
Colubro Leopardino
17%
Colubro Liscio
17%
Natrice Tassellata
17%
Natrice Viperina
17%
Vipera Di Orsini
0%
Nessun quiz corrispondente trovato
Distribuzione punteggi
Percentuale di utenti per punteggio
Percentile per numero di risposta
I tuoi punteggi nel tempo
Non hai fatto questo quiz